000 05217nam a22005297a 4500
008 090122t xxu||||| |||| 00| 0 eng d
010 _aB-358842
020 _a9788184510393
_c75.00
035 _aB-358842
035 _aB-332194-212
037 _bBlueberry Books
040 _adpl
_bEnglish
082 _a690.076
245 _aHow are bridges built?:
_bcompiled by Meesha Khanna; illustrated by Kiran, Mohan and Dayal
_cand other questions about buildings /
260 _aNew Delhi
_bDreamland Publications
_c2008
270 _aJ-128, Kirti Nagar
_bNew Delhi
_e110015
300 _a31p.:
_bcol. ill.
_c26cm(pbk)
490 _aI want to know about-15
500 _aIncludes index
700 _aKhanna, Meesha
700 _aKiran
700 _aMohan
700 _aDayal
942 _2ddc
_cCH
_mHOW
_h690.076
999 _c22267
_d22267